| 000 | 01011nam a22003257a 4500 | ||
|---|---|---|---|
| 003 | CHAP | ||
| 005 | 20220329141149.0 | ||
| 008 | 971010s1982 r 00010 d | ||
| 010 | _a63693 | ||
| 011 | _a64665 | ||
| 035 | _a70636 | ||
| 040 | _cCHAP | ||
| 082 | 0 | 4 |
_a574.5 _bS55Y 1980 |
| 100 | 0 | 0 |
_aSimmons, I. G. _9106170 |
| 245 | 1 | _aEcología de los recursos naturales | |
| 260 |
_aBarcelona : _bOmega, _c1982 |
||
| 300 |
_a463 p. _b: ilus. ; gráfs.; mapas |
||
| 500 | _aTrad. de la 2 ed. en inglés de 1980 | ||
| 590 |
_aBATCH-UPD _b10 _c20130110 _lUCH01 _h0348 |
||
| 590 |
_aBATCH-UPD _b10 _c20130110 _lUCH01 _h1804 |
||
| 590 |
_aBATCH-UPD _b10 _c20130410 _lUCH01 _h0022 |
||
| 590 |
_aBATCH-UPD _b10 _c20130914 _lUCH01 _h1228 |
||
| 590 |
_aCONVERSION _b10 _c20130109 _lUCH01 _h1334 |
||
| 650 | 1 | 4 |
_aEcología. _935134 |
| 650 | 1 | 4 |
_aEcosistema. _935290 |
| 650 | 1 | 4 |
_aRecursos naturales. _995172 |
| 901 | _aBK | ||
| 942 | _cLIBRO | ||
| 949 |
_a574.5 S55Y 1980 _bBC _cLIBRO _d33724000470746 _eLIBRO _h63389 _i70636 _si |
||
| 999 |
_c63693 _d63693 |
||